Statistics for Flag-Shape - Multiple Choice

Click here to take the quiz!

General Stats

  • This quiz has been taken 38 times
    (23 since last reset)
  • The average score is 19 of 20

Answer Stats

QuestionAnswer% Correct
Netherlands
100%
Moldova
100%
Saint Lucia
100%
Micronesia
100%
Gabon
100%
Uruguay
100%
Lithuania
100%
San Marino
100%
North Macedonia
100%
Panama
100%
Liechtenstein
100%
China
100%
Suriname
100%
Monaco
100%
Oman
100%
Honduras
92%
Burundi
92%
Mauritius
85%
Vanuatu
85%
Slovenia
77%

Score Distribution

Percentile by Number Answered

Percent of People with Each Score

Your Score History

You have not taken this quiz since the last reset